000 00574nam a22002297a 4500
003 UA-OsUOA
001 126526
007 ta
008 20171027b un ||||| |||| 00| 0 ukr d
100 _aГлушман І.
700 _aСобко І.
090 _a908
_bГ55
942 _cSA
040 _aUA-OsUOA
_bukr
_cUA-OsUOA
_dUA-OsUOA
245 _aУрочисто відзначили чергову річницю / Про ОА
300 _aС. 5
955 _a0
041 _aukr
080 _a908
773 0 _w126525
650 7 _a908 Краєзнавство
_2UDC
999 _c413752
_d413752